000 00570nam a2200229Ia 4500
003 OSt
005 20221005120224.0
006 a|||||r|||| 00| 0
007 ta
008 221004b |||||||| |||| 00| 0 eng d
024 _a59543
037 _cTextual
040 _aCRL
_cCRL
_beng
041 _2eng
_aeng
082 _aO111,6MA, 33H8
100 _aAravinda
_9628801
245 0 _aDharma hagoo rashtriyatwa
260 _c1948
650 _aENGLISH LITERATURE
942 _hO111,6MA, 33H8
_cTEXL
_2cc
999 _c1037264
_d1037264